000 00525nam a2200193 a 4500
001 1771297720675
003 YourLibrary
005 20260217084031.0
008 260217s2007##################000#0#eng##
020 _a9781845423056
082 0 4 _a330.0711
_bGRO
100 1 _aGroenewegen, John,
_eauthor.
245 1 0 _aTeaching Pluralism in Economics :
260 _bEdward Elgar Publishing,
_c2007.
300 _a264 pages
650 0 _aBusiness & Economics.
942 _cENGLISH
040 _aYourLibrary
_beng
_cYourLibrary
999 _c612890
_d612890